000 00214nam a22000857a 4500
008 170617b xxu||||| |||| 00| 0 eng d
100 _93479
_aSrivastava. H. N
245 _aEarthquakes
260 _aNew Delhi
_bN. B. T
_c2008
999 _c6853
_d6853